<?xml version="1.0" encoding="UTF-8"?><?xml-stylesheet type="text/xsl" href="static/style.xsl"?><OAI-PMH xmlns="http://www.openarchives.org/OAI/2.0/" xmlns:xsi="http://www.w3.org/2001/XMLSchema-instance" xsi:schemaLocation="http://www.openarchives.org/OAI/2.0/ http://www.openarchives.org/OAI/2.0/OAI-PMH.xsd"><responseDate>2026-04-14T02:58:22Z</responseDate><request verb="GetRecord" identifier="oai:www.recercat.cat:2072/403133" metadataPrefix="marc">https://recercat.cat/oai/request</request><GetRecord><record><header><identifier>oai:recercat.cat:2072/403133</identifier><datestamp>2026-04-08T02:33:19Z</datestamp><setSpec>com_2072_98</setSpec><setSpec>col_2072_378192</setSpec></header><metadata><record xmlns="http://www.loc.gov/MARC21/slim" xmlns:dcterms="http://purl.org/dc/terms/" xmlns:xsi="http://www.w3.org/2001/XMLSchema-instance" xmlns:doc="http://www.lyncode.com/xoai" xsi:schemaLocation="http://www.loc.gov/MARC21/slim http://www.loc.gov/standards/marcxml/schema/MARC21slim.xsd">
   <leader>00925njm 22002777a 4500</leader>
   <datafield ind2=" " ind1=" " tag="042">
      <subfield code="a">dc</subfield>
   </datafield>
   <datafield ind2=" " ind1=" " tag="720">
      <subfield code="a">Casale, Pierluigi</subfield>
      <subfield code="e">author</subfield>
   </datafield>
   <datafield ind2=" " ind1=" " tag="260">
      <subfield code="c">2014</subfield>
   </datafield>
   <datafield ind2=" " ind1=" " tag="520">
      <subfield code="a">Advisors: Oriol Pujol, Petia Radeva. Date and location of PhD thesis defense: 3 November 2011, Universitat de Barcelona</subfield>
   </datafield>
   <datafield ind2=" " ind1=" " tag="520">
      <subfield code="a">The main interest of this thesis is on computational methodologies able to reduce the degree of complexity of learning algorithms and its application to physical activity recognition. Random Projections are used to reduce the learning complexity in Multiple Classier Systems. A new boosting algorithm and a new one-class classication methodology are proposed. In both cases, random projections are used for reducing the dimensionality of the problem and for generating diversity, exploiting in this way the benefits that ensemble learning provides in terms of performances and stability. The practical focus of the thesis is on physical activity recongition using wearable sensors. A new hardware platform for wearable computing application has been developed and used for gathering activity data. Based on the classication methodologies developed and the study conducted on physical activity classication, a machine learning architecture capable to provide a continuous authentication mechanism for mobile-devices users has been designed. The system, based on a personalized classifier, states on the analysis of the characteristic gait patterns typical of each individual ensuring an unobtrusive and continuous authentication mechanism.</subfield>
   </datafield>
   <datafield tag="653" ind2=" " ind1=" ">
      <subfield code="a">Pattern Recognition</subfield>
   </datafield>
   <datafield tag="653" ind2=" " ind1=" ">
      <subfield code="a">Biometrics</subfield>
   </datafield>
   <datafield tag="653" ind2=" " ind1=" ">
      <subfield code="a">Biometric Technologies</subfield>
   </datafield>
   <datafield tag="653" ind2=" " ind1=" ">
      <subfield code="a">Gait analysis</subfield>
   </datafield>
   <datafield ind2="0" ind1="0" tag="245">
      <subfield code="a">Approximate ensemble methods for physical activity recognition applications</subfield>
   </datafield>
</record></metadata></record></GetRecord></OAI-PMH>